000 00654nmm a2200205Ia 4500
008 251105s9999||||xx |||||||||||||||||und||
020 _a9789587416480
041 _aspa
100 _aLombana Coy, Jahir
245 0 _aAnálisis del sector biodiésel en Colombia y su cadena de suministro
264 _a[Bogotá, Colombia] :
_bUniversidad del Norte,
_c2015
300 _a156 páginas
650 _aEnvironmental Sciences
700 _aLombana Coy, Jahir
700 1 _a Vega Jurado, Jaider
700 1 _a Herrera Velásquez, Silvia
700 1 _a Britton Acevedo, Emyle
856 _uhttps://public.digitaliapublishing.com/a/40682
942 _cCF
999 _c67949
_d67949